Music Quiz

Random Music or Lyrics Quiz

Jason Mraz - Beautiful Mess Quiz Stats

 Plays Quiz not verified by Sporcle

Support Sporcle.
Go Orange.
Score 0/293 Timer 12:00
0 Plays Today
% Correct
the
98.1%
the
98.1%
a
98.1%
And
98.1%
And
98.1%
a
98.1%
the
98.1%
And
98.1%
And
98.1%
And
98.1%
a
98.1%
And
98.1%
and
98.1%
a
98.1%
the
98.1%
And
98.1%
a
98.1%
a
98.1%
the
98.1%
And
98.1%
And
98.1%
and
98.1%
And
98.1%
and
98.1%
the
98.1%
of
96.2%
of
96.2%
of
96.2%
of
96.2%
of
96.2%
of
96.2%
of
96.2%
of
96.2%
of
96.2%
up
95.5%
up
95.5%
up
95.5%
You
94.9%
kind
94.9%
You
94.9%
kind
94.9%
kind
94.9%
you
94.9%
Kind
94.9%
you
94.9%
you
94.9%
You
94.9%
you
94.9%
kind
94.9%
kind
94.9%
you
94.9%
Kind
94.9%
kind
94.9%
can
93.6%
are
93.6%
is
93.6%
is
93.6%
is
93.6%
is
93.6%
is
93.6%
can
93.6%
are) 2x
93.6%
is
93.6%
is
93.6%
are
93.6%
are) x7
93.6%
is
93.6%
is
93.6%
on
92.9%
your
92.9%
Your
92.9%
your
92.9%
beautiful
92.9%
your
92.9%
your
92.9%
your
92.9%
on
92.9%
beautiful
92.9%
beautiful
92.9%
what
92.3%
what
92.3%
mess
92.3%
what
92.3%
mess
92.3%
what
92.3%
mess
92.3%
You're
91.7%
girl
91.7%
but
91.7%
you're
91.7%
but
91.7%
you're
91.7%
You're
91.7%
this
91.7%
this
91.7%
in
91.7%
in
91.7%
we
91.7%
% Correct
in
91.7%
this
91.7%
this
91.7%
in
91.7%
But
91.7%
we
91.7%
in
91.7%
we
91.7%
we
91.7%
this
91.7%
in
91.7%
this
91.7%
But
91.7%
we
91.7%
But
91.7%
it
91%
it
91%
it
91%
it
91%
it
91%
who
90.4%
do
90.4%
worlds
89.1%
down
89.1%
man
88.5%
back
88.5%
again
88.5%
like
88.5%
dresses
88.5%
like
88.5%
like
88.5%
dresses
88.5%
like
88.5%
like
88.5%
dresses
88.5%
best
87.8%
when
87.8%
when
87.8%
when
87.8%
when
87.8%
both
87.2%
take
87.2%
him
87.2%
mind
87.2%
mind
87.2%
take
87.2%
strong
86.5%
It's
86.5%
picking
86.5%
It's
86.5%
Picking
86.5%
it's
86.5%
It's
86.5%
it's
86.5%
That
85.9%
words
85.9%
Words
85.9%
words
85.9%
that
85.9%
words
85.9%
needy
85.3%
trash
85.3%
got
84.6%
greedy
84.6%
trash
84.6%
hurts
84.6%
to
84.6%
hurts
84.6%
to
84.6%
to
84.6%
turn
83.3%
turn
83.3%
turn
83.3%
lift
82.7%
body
82.7%
Humble
82.1%
Based
82.1%
Well
82.1%
Well
82.1%
Well
82.1%
We'll
82.1%
language
81.4%
guess
81.4%
into
81.4%
into
81.4%
guess
81.4%
rather
80.8%
I've
80.1%
just
80.1%
just
80.1%
(here
80.1%
I've
80.1%
here
80.1%
(Here
80.1%
here
80.1%
been
79.5%
themselves
78.2%
themselves
78.2%
% Correct
reading
77.6%
quite
77.6%
knives
76.9%
selective
76.3%
we're
76.3%
We're
76.3%
we're
76.3%
cursive
75.6%
reckless
75%
say
75%
say
75%
style
73.7%
I
73.7%
happiness
73.7%
write
73.7%
I
73.7%
I
73.7%
no
73.7%
Oh
73.7%
no
73.7%
oh
73.7%
my
73.1%
dear
73.1%
dear
73.1%
yes
73.1%
love
71.8%
call
69.9%
being
69.9%
have
69.9%
being
69.9%
only
69.9%
answer
69.9%
with
69.2%
so
69.2%
nice
68.6%
dirt
68.6%
nice
68.6%
'Cause
67.9%
'Cause
67.9%
'Cause
67.9%
fiction
67.3%
suggests
66.7%
played
66%
contradictions
65.4%
taking
65.4%
blades
64.7%
how
63.5%
advice
62.8%
relationship
62.8%
life
62.2%
our
62.2%
our
62.2%
these
61.5%
Although
60.3%
comebacks
60.3%
staging
60.3%
worth
60.3%
was
60.3%
submerged
59.6%
quick
59.6%
don't
59%
probably
58.3%
There's
58.3%
nerve
57.7%
insecurities
57.7%
shame
57.7%
Depending
57.1%
fly
56.4%
birds
56.4%
shirts
56.4%
crazy
55.8%
tore
55.8%
biased
55.1%
stained
54.5%
I'm
53.8%
paraphrasing
53.8%
not
53.2%
together
52.6%
wait
51.9%
they
51.9%
they're
51.3%
earth
51.3%
heard
49.4%
pictures
49.4%
concern
49.4%
still
48.1%
courteous
46.8%
timeless
46.8%
wounded
46.8%
hearts
46.2%
priceless
45.5%
that's
44.9%
disfigure
44.2%
through
41%
tides
33.3%
thought
21.2%
shorty
20.5%

You're not logged in!

Compare scores with friends on all Sporcle quizzes.
OR
Log In

From the Vault

24 More 'H' Celebrities

by sproutcm

This is the B-list of H-celebrities if you're scoring at home.
Remove Ads.
Support Sporcle.
Get the best of Sporcle when you Go Orange. This ad-free experience offers more features, more stats, and more fun while also helping to support Sporcle. Thank you for becoming a member.

Show Comments

Extras

Created Dec 8, 2012ReportNominate
Tags:Lyrics Quiz, Jason Mraz

Top Quizzes Today


Score Distribution

Your Account Isn't Verified!

In order to create a playlist on Sporcle, you need to verify the email address you used during registration. Go to your Sporcle Settings to finish the process.

Report this User

Report this user for behavior that violates our Community Guidelines.

Details: